[Event "XIV American Continental"]
[Site "Sao Paulo BRA"]
[Date "2019.07.07"]
[Round "4.70"]
[White "Barreto, Ignacio C. De Barros"]
[Black "Da Silva, Jefferson Rian Ferreir"]
[Result "1/2-1/2"]
[WhiteElo "2101"]
[BlackElo "1936"]
[EventDate "2019.07.05"]
[PlyCount "67"]
[EventRounds "11"]
[EventCountry "BRA"]

1.e4 Nf6 2.e5 Nd5 3.d4 d6 4.Nf3 Bf5 5.Bc4 e6 6.O-O Nb6 7.Bb3 Bg4 8.h3 Bh5 
9.exd6 cxd6 10.Re1 Be7 11.Nbd2 Nc6 12.c3 O-O 13.Nf1 Bg6 14.d5 exd5 15.Bxd5
Qd7 16.Be3 Nxd5 17.Qxd5 Bf5 18.Bg5 Be6 19.Qd2 f6 20.Bf4 Ne5 21.Nd4 Bf7 22.
Ne3 g6 23.Bg3 Rfe8 24.f4 Nc6 25.Ng4 Kg7 26.Bh4 Bd8 27.Rxe8 Bxe8 28.Re1 
Nxd4 29.cxd4 d5 30.Bg3 Rc8 31.f5 g5 32.Ne3 Bf7 33.h4 h6 34.Rf1 1/2-1/2

[Event "XIV American Continental"]
[Site "Sao Paulo BRA"]
[Date "2019.07.07"]
[Round "4.71"]
[White "Souza, Wellington"]
[Black "Roverso, Leandro"]
[Result "1/2-1/2"]
[WhiteElo "2097"]
[BlackElo "1932"]
[EventDate "2019.07.05"]
[PlyCount "67"]
[EventRounds "11"]
[EventCountry "BRA"]

1.Nf3 d5 2.d4 Nf6 3.c4 c6 4.cxd5 cxd5 5.Nc3 g6 6.Qb3 Bg7 7.Bg5 e6 8.e3 O-O
9.Be2 Nbd7 10.O-O Qb6 11.Qxb6 Nxb6 12.a4 a5 13.Rfc1 Bd7 14.Ne5 Rfc8 15.f3 
h6 16.Bh4 g5 17.Bf2 Ne8 18.Nxd7 Nxd7 19.Bb5 Nef6 20.Bxd7 Nxd7 21.Nb5 Bf8 
22.Kf1 Nb6 23.b3 Rxc1+ 24.Rxc1 Rc8 25.Rxc8 Nxc8 26.Be1 b6 27.Bg3 f5 28.Nc7
Kf7 29.Ke2 Ke7 30.Nb5 Kd7 31.Kd3 Nd6 32.Bxd6 Bxd6 33.Nxd6 Kxd6 34.f4 
1/2-1/2

[Event "XIV American Continental"]
[Site "Sao Paulo BRA"]
[Date "2019.07.07"]
[Round "4.72"]
[White "Silva, Rodrigo Ferreira da"]
[Black "Caceres Vasquez, Sergio"]
[Result "0-1"]
[WhiteElo "1803"]
[BlackElo "2081"]
[EventDate "2019.07.05"]
[PlyCount "148"]
[EventRounds "11"]
[EventCountry "BRA"]

1.d4 d5 2.Nf3 Nf6 3.Bf4 g6 4.e3 Bg7 5.Be2 O-O 6.h3 c5 7.c3 Nc6 8.O-O Nd7 
9.Nbd2 e5 10.dxe5 Ndxe5 11.Nxe5 Nxe5 12.Nf3 Nxf3+ 13.Bxf3 Be6 14.Qe2 Qb6 
15.Rfd1 Rad8 16.a4 Rd7 17.a5 Qd8 18.Qb5 Qe7 19.h4 h6 20.Bg3 Rc8 21.Rac1 f5
22.a6 b6 23.c4 dxc4 24.Rxd7 Qxd7 25.Qxd7 Bxd7 26.Bd5+ Kh7 27.Bb7 Re8 28.
Rd1 Ba4 29.Rd2 c3 30.bxc3 Bxc3 31.Rd6 Be5 32.Bxe5 Rxe5 33.Kf1 Re7 34.Ke2 
Rd7 35.Rxb6 axb6 36.a7 Rd8 37.a8=Q Rxa8 38.Bxa8 Kg7 39.e4 fxe4 40.Bxe4 Bd7
41.f3 b5 42.g4 Be6 43.g5 hxg5 44.hxg5 c4 45.f4 b4 46.Kd2 c3+ 47.Kc2 Bf7 
48.Bd3 Kf8 49.Be4 Ke7 50.f5 gxf5 51.Bxf5 Bg8 52.Kd3 Kd6 53.Kd4 Kc6 54.Bd3 
Kb6 55.g6 Ka5 56.g7 Ka4 57.Bc4 Bxc4 58.Kxc4 c2 59.g8=Q c1=Q+ 60.Kd4 Qc3+ 
61.Ke4 Ka3 62.Qa8+ Kb2 63.Qg8 b3 64.Qg1 Ka2 65.Qa7+ Kb1 66.Qg1+ Qc1 67.Qb6
Qc4+ 68.Ke3 b2 69.Qg6+ Ka2 70.Qg2 Qc3+ 71.Kf4 Qd4+ 72.Kf5 Qd3+ 73.Kf4 Kb3 
74.Qb7+ Kc3 0-1

[Event "XIV American Continental"]
[Site "Sao Paulo BRA"]
[Date "2019.07.07"]
[Round "4.73"]
[White "Araujo, Jose Roberto"]
[Black "Dos Santos, Matheus Garcett Souza"]
[Result "0-1"]
[WhiteElo "2079"]
[BlackElo "1874"]
[EventDate "2019.07.05"]
[PlyCount "76"]
[EventRounds "11"]
[EventCountry "BRA"]

1.e4 c5 2.Nc3 d6 3.g3 g6 4.Bg2 Bg7 5.d3 e6 6.f4 Ne7 7.Nf3 Nbc6 8.O-O O-O 
9.Be3 Nd4 10.Qd2 Qc7 11.Nd1 d5 12.e5 Nef5 13.Bf2 h5 14.Ng5 b6 15.c3 Nc6 
16.h3 Bb7 17.g4 hxg4 18.hxg4 Nh6 19.Qe3 Nxg4 20.Qh3 Nh6 21.Ne3 Rfe8 22.Bf3
Ne7 23.Bg4 Nef5 24.Bxf5 exf5 25.Bh4 f6 26.exf6 Bxf6 27.Rae1 d4 28.cxd4 
Bxd4 29.Bf2 Qg7 30.Nf3 Bxe3 31.Bxe3 Ng4 32.Ng5 Rad8 33.Bf2 Nxf2 34.Rxe8+ 
Rxe8 35.Rxf2 Re1+ 36.Rf1 Qd4+ 37.Kh2 Re2+ 38.Kg3 Rg2+ 0-1

[Event "XIV American Continental"]
[Site "Sao Paulo BRA"]
[Date "2019.07.07"]
[Round "4.74"]
[White "De Freitas, Julio Eimard"]
[Black "Takano, Nicholas Ryo"]
[Result "1-0"]
[WhiteElo "1799"]
[BlackElo "2077"]
[EventDate "2019.07.05"]
[PlyCount "83"]
[EventRounds "11"]
[EventCountry "BRA"]

1.d4 Nf6 2.Nf3 g6 3.Nc3 d5 4.Bf4 c6 5.h3 Bg7 6.Qd2 O-O 7.Bh6 Nbd7 8.Bxg7 
Kxg7 9.e3 Qc7 10.Be2 e5 11.g4 e4 12.Nh4 b5 13.g5 Ne8 14.Ng2 Nd6 15.Nf4 Nb6
16.O-O-O Nbc4 17.Qe1 Qa5 18.a3 b4 19.Nb1 Rb8 20.Bxc4 Nxc4 21.a4 Qxa4 22.b3
Qa2 23.bxc4 b3 24.Qc3 Ba6 25.c5 Rb4 26.Qb2 Qa5 27.cxb3 Rfb8 28.Qa3 Rc4+ 
29.bxc4 Rxb1+ 30.Kxb1 Qxa3 31.cxd5 cxd5 32.Rd2 Bc4 33.Rc1 a5 34.Rb2 h6 35.
h4 hxg5 36.hxg5 Qa4 37.Rcc2 Qd7 38.Rb6 a4 39.c6 Qc7 40.Ne6+ fxe6 41.Rb7 
Qxb7+ 42.cxb7 1-0

[Event "XIV American Continental"]
[Site "Sao Paulo BRA"]
[Date "2019.07.07"]
[Round "4.75"]
[White "Jenidarchiche, Douglas Rodrigo"]
[Black "Almeida Junior, Alvaro Alves de"]
[Result "0-1"]
[WhiteElo "1754"]
[BlackElo "2076"]
[EventDate "2019.07.05"]
[PlyCount "82"]
[EventRounds "11"]
[EventCountry "BRA"]

1.d4 Nf6 2.c4 g6 3.Nc3 d5 4.Bf4 Bg7 5.e3 O-O 6.Bd3 c5 7.dxc5 Qa5 8.Ne2 
Qxc5 9.O-O dxc4 10.Na4 Qc6 11.Nd4 Qd5 12.Nc3 Qc5 13.Na4 Qa5 14.Bxb8 Rxb8 
15.Bxc4 e5 16.Nb5 a6 17.Nbc3 b5 18.Qd6 Bf5 19.e4 Bxe4 20.Qxe5 Rbe8 21.Qc5 
Rc8 22.Bxf7+ Kxf7 23.Qb6 Qxb6 24.Nxb6 Rc6 25.Nd7 Nxd7 26.Nxe4 Rfc8 27.Rad1
R8c7 28.Rfe1 Kg8 29.Ng5 Nf8 30.g3 h6 31.Ne4 Bxb2 32.Kg2 Rc1 33.Rxc1 Rxc1 
34.Re2 Bg7 35.h4 Rb1 36.Nc5 a5 37.Nb7 a4 38.Kf3 b4 39.Nc5 a3 40.Na4 b3 41.
Nb6 Bb2 0-1

[Event "XIV American Continental"]
[Site "Sao Paulo BRA"]
[Date "2019.07.07"]
[Round "4.76"]
[White "Souza Junior, Helemberg Cubica de"]
[Black "Mariani, Daniel Brandao"]
[Result "1/2-1/2"]
[WhiteElo "1714"]
[BlackElo "2062"]
[EventDate "2019.07.05"]
[PlyCount "160"]
[EventRounds "11"]
[EventCountry "BRA"]

1.e4 c5 2.Nf3 d6 3.d4 cxd4 4.Nxd4 Nf6 5.Nc3 g6 6.f3 Bg7 7.Be3 O-O 8.Bc4 
Nc6 9.Qd2 Bd7 10.O-O-O Qa5 11.g4 Ne5 12.Bb3 Rfc8 13.h4 Rxc3 14.Qxc3 Qxc3 
15.bxc3 Rc8 16.Kb2 b5 17.h5 a5 18.hxg6 hxg6 19.a3 Nxf3 20.Nxf3 Bxg4 21.Ng5
Bxd1 22.Bxf7+ Kf8 23.Rxd1 b4 24.axb4 axb4 25.Bxg6 bxc3+ 26.Kb3 Ng4 27.Rf1+
Bf6 28.Bd4 e5 29.Bxc3 Rb8+ 30.Bb4 Kg7 31.Bh5 Ne3 32.Ne6+ Kh6 33.Rxf6+ Kxh5
34.c3 d5 35.exd5 Nxd5 36.Rf5+ Kg6 37.Rxe5 Nb6 38.Re2 Kf6 39.Nf4 Kf5 40.Nd3
Rc8 41.Nb2 Nd5 42.c4 Nf4 43.Re1 Rc6 44.c5 Re6 45.Rxe6 Nxe6 46.Kc4 Nxc5 47.
Bxc5 Ke4 48.Nd3 Kf3 49.Kd4 Ke2 50.Ne5 Kf2 51.Kd3+ Kf1 52.Be3 Kg2 53.Ke2 
Kg3 54.Bg5 Kh3 55.Kf3 Kh2 56.Bh4 Kh3 57.Be1 Kh2 58.Nd3 Kh3 59.Nf4+ Kh2 60.
Bf2 Kh1 61.Nd5 Kh2 62.Bg3+ Kg1 63.Ne3 Kh1 64.Ke2 Kg1 65.Bh4 Kh2 66.Kf1 Kh3
67.Be1 Kh2 68.Ng4+ Kh1 69.Ne5 Kh2 70.Kf2 Kh1 71.Bd2 Kh2 72.Kf1 Kh1 73.Nd3 
Kh2 74.Be1 Kh1 75.Nf2+ Kh2 76.Ke2 Kg2 77.Bc3 Kg1 78.Bd4 Kg2 79.Ng4 Kg3 80.
Nf2 Kg2 1/2-1/2

[Event "XIV American Continental"]
[Site "Sao Paulo BRA"]
[Date "2019.07.07"]
[Round "4.77"]
[White "Santos Filho, Tadeu Sousa"]
[Black "Cordioli, Jairo Ribeiro"]
[Result "1/2-1/2"]
[WhiteElo "2057"]
[BlackElo "1871"]
[EventDate "2019.07.05"]
[PlyCount "127"]
[EventRounds "11"]
[EventCountry "BRA"]

1.e4 c5 2.Nf3 d6 3.d4 cxd4 4.Nxd4 Nf6 5.f3 a6 6.c4 Nc6 7.Nc3 g6 8.Be3 Bg7 
9.Qd2 O-O 10.Be2 Qc7 11.Rc1 Qa5 12.O-O Nxd4 13.Bxd4 Be6 14.Rfd1 Qh5 15.Be3
Nd7 16.Nd5 Bxd5 17.f4 Qh4 18.cxd5 Rac8 19.Bf3 Qf6 20.Rc2 Rxc2 21.Qxc2 Qxb2
22.Qxb2 Bxb2 23.Rb1 Ba3 24.Rxb7 Bc5 25.Bxc5 Nxc5 26.Rxe7 Rb8 27.e5 Kf8 28.
exd6 Rd8 29.Rc7 Nd3 30.Rc6 Nb4 31.Rb6 Nxa2 32.Rxa6 Nb4 33.Rb6 Nd3 34.g3 f5
35.Bd1 Nc5 36.Bc2 Nd7 37.Ra6 Nf6 38.Bb3 Ne4 39.Ra7 Nxd6 40.Kf2 h5 41.Ke3 
Rc8 42.Kd3 Nb5 43.Rb7 Rc3+ 44.Kd2 Rxb3 45.d6 Ke8 46.Re7+ Kd8 47.Re6 Kd7 
48.Rxg6 Nxd6 49.Rh6 Rb2+ 50.Kd3 Rxh2 51.Kd4 Ne4 52.g4 Rd2+ 53.Ke5 hxg4 54.
Rh7+ Ke8 55.Kxf5 Nf2 56.Rg7 Kf8 57.Rg6 Rd5+ 58.Ke6 Ra5 59.Kd7 Ra7+ 60.Kd8 
Rf7 61.Rg5 Rxf4 62.Kd7 Kf7 63.Kd6 Ne4+ 64.Ke5 1/2-1/2

[Event "XIV American Continental"]
[Site "Sao Paulo BRA"]
[Date "2019.07.07"]
[Round "4.78"]
[White "Lage, Pedro Ferreira"]
[Black "Melo, Igor de Souza"]
[Result "1-0"]
[WhiteElo "2050"]
[BlackElo "1825"]
[EventDate "2019.07.05"]
[PlyCount "109"]
[EventRounds "11"]
[EventCountry "BRA"]

1.Nf3 Nf6 2.c4 c5 3.Nc3 Nc6 4.d4 cxd4 5.Nxd4 g6 6.g3 Nxd4 7.Qxd4 Bg7 8.c5 
O-O 9.Bg2 Qc7 10.O-O Nh5 11.Qb4 a5 12.Qa3 Bxc3 13.Qxc3 d6 14.cxd6 Qxd6 15.
Be3 Qa6 16.Rfd1 Be6 17.Bf3 Nf6 18.Qa3 Rfe8 19.Rac1 Bg4 20.Bc5 Bxf3 21.Qxf3
Qe6 22.Ba3 b5 23.b3 b4 24.Bb2 Rac8 25.Qd3 Qh3 26.f3 Qe6 27.e4 Rxc1 28.Rxc1
a4 29.Rc4 axb3 30.Qxb3 Ra8 31.Qd3 Qd7 32.Rd4 Qa7 33.Qe3 Qxa2 34.Rxb4 Qb1+ 
35.Kg2 Qc2+ 36.Qf2 Qxf2+ 37.Kxf2 Re8 38.Rb7 e5 39.Rb5 Nd7 40.Rd5 Nf8 41.
Rxe5 Rb8 42.Bc3 Ne6 43.Ra5 Rc8 44.Bf6 Kf8 45.Ra7 Ke8 46.f4 Rc2+ 47.Kf3 
Rxh2 48.f5 gxf5 49.exf5 Nd8 50.Re7+ Kf8 51.Rd7 Nc6 52.Rc7 Ke8 53.Rxc6 Rh1 
54.Rd6 Rf1+ 55.Kg2 1-0

[Event "XIV American Continental"]
[Site "Sao Paulo BRA"]
[Date "2019.07.07"]
[Round "4.79"]
[White "Mesquita, Arnaldo Leite"]
[Black "Torella, Rodolfo"]
[Result "0-1"]
[WhiteElo "1703"]
[BlackElo "2047"]
[EventDate "2019.07.05"]
[PlyCount "58"]
[EventRounds "11"]
[EventCountry "BRA"]

1.Nf3 g6 2.g3 Bg7 3.Bg2 Nf6 4.c4 O-O 5.Nc3 d6 6.O-O Nbd7 7.d3 c6 8.Qc2 a6 
9.b4 a5 10.b5 Qc7 11.Rb1 Nc5 12.Ba3 Bd7 13.d4 Bf5 14.Qb2 Bxb1 15.dxc5 Bf5 
16.cxd6 exd6 17.Rd1 Ne4 18.Nxe4 Bxb2 19.Bxd6 Qd8 20.Nc5 Bc2 21.Rd2 Bc3 22.
Nxb7 Bxd2 23.Nxd8 Rfxd8 24.Bc7 Be4 25.b6 Bc3 26.b7 Rab8 27.Ng5 Bxg2 28.
Kxg2 Re8 29.Ne4 Rxb7 0-1

[Event "XIV American Continental"]
[Site "Sao Paulo BRA"]
[Date "2019.07.07"]
[Round "4.80"]
[White "De Arruda Filho, Nivaldo Jesus"]
[Black "Pereira Vera, Henry Alberto"]
[Result "1-0"]
[WhiteElo "2045"]
[BlackElo "1790"]
[EventDate "2019.07.05"]
[PlyCount "55"]
[EventRounds "11"]
[EventCountry "BRA"]

1.c4 c5 2.Nc3 Nc6 3.g3 g6 4.Bg2 Bg7 5.Nf3 Nf6 6.O-O d5 7.cxd5 Nxd5 8.a3 
Nc7 9.Rb1 O-O 10.b4 cxb4 11.axb4 Bf5 12.e4 Bxc3 13.exf5 Bg7 14.b5 Na5 15.
Qa4 b6 16.Ng5 Rc8 17.fxg6 hxg6 18.Qh4 Re8 19.Bb2 e5 20.Ba3 Re7 21.Bh3 Nd5 
22.Bxc8 Qxc8 23.Bxe7 Nxe7 24.Rfc1 Qf5 25.Ne4 g5 26.Qxg5 Qxe4 27.Qxe7 Nc4 
28.Qb4 1-0

[Event "XIV American Continental"]
[Site "Sao Paulo BRA"]
[Date "2019.07.07"]
[Round "4.81"]
[White "Ferreira, Kleber Victor"]
[Black "Minelli, Fausto"]
[Result "1-0"]
[WhiteElo "2038"]
[BlackElo "1760"]
[EventDate "2019.07.05"]
[PlyCount "77"]
[EventRounds "11"]
[EventCountry "BRA"]

1.e4 c6 2.d4 d5 3.f3 dxe4 4.fxe4 e5 5.Nf3 Bg4 6.Bc4 Nf6 7.Bxf7+ Kxf7 8.
Nxe5+ Kg8 9.Nxg4 h5 10.Nxf6+ Qxf6 11.Nc3 Nd7 12.Be3 Bb4 13.Qd3 Bxc3+ 14.
bxc3 Re8 15.Bf2 Qg6 16.O-O Rxe4 17.Rae1 Nf6 18.Bh4 Kh7 19.Bxf6 Rxe1 20.
Rxe1 Qxd3 21.cxd3 gxf6 22.Re7+ Kg6 23.Rxb7 a5 24.Kf2 Rd8 25.Rc7 Rd6 26.Kf3
a4 27.Kf4 a3 28.Ra7 c5 29.dxc5 Rxd3 30.Rxa3 Rd5 31.Rb3 Rxc5 32.Ke4 Re5+ 
33.Kd4 Re2 34.c4 Rxa2 35.c5 h4 36.c6 Rd2+ 37.Rd3 Rc2 38.Rc3 Rd2+ 39.Kc5 
1-0

[Event "XIV American Continental"]
[Site "Sao Paulo BRA"]
[Date "2019.07.07"]
[Round "4.82"]
[White "Do Prado, Hamilton Mesquita"]
[Black "Do Nascimento, Christian Almeida"]
[Result "0-1"]
[WhiteElo "1675"]
[BlackElo "2033"]
[EventDate "2019.07.05"]
[PlyCount "70"]
[EventRounds "11"]
[EventCountry "BRA"]

1.d4 d5 2.Bf4 Nf6 3.e3 g6 4.Be2 Bg7 5.h4 h5 6.Nf3 c5 7.c3 Bg4 8.Nbd2 Nbd7 
9.Ne5 Bxe2 10.Qxe2 O-O 11.Ndf3 Rc8 12.Nxd7 Nxd7 13.Rg1 cxd4 14.exd4 Re8 
15.O-O-O Qa5 16.Kb1 Nf6 17.Ng5 Rc6 18.Rc1 e6 19.Be5 Ra6 20.b3 Rc8 21.f3 
Rac6 22.Qe1 Rxc3 23.Rxc3 Qxc3 24.Qxc3 Rxc3 25.Kb2 Rc6 26.g4 hxg4 27.fxg4 
Ne4 28.Bxg7 Nxg5 29.Bh6 Nf3 30.Rh1 Nxd4 31.h5 Rc2+ 32.Kb1 Rg2 33.hxg6 fxg6
34.g5 Nf3 35.Rf1 Rg1 0-1

[Event "XIV American Continental"]
[Site "Sao Paulo BRA"]
[Date "2019.07.07"]
[Round "4.83"]
[White "Freitas Capiberibe, Andre Antoni"]
[Black "Arruda Filho, Ivo Pereira de"]
[Result "1-0"]
[WhiteElo "2024"]
[BlackElo "1744"]
[EventDate "2019.07.05"]
[PlyCount "96"]
[EventRounds "11"]
[EventCountry "BRA"]

1.e4 c6 2.d4 d5 3.exd5 cxd5 4.Bd3 Nf6 5.Nf3 Nbd7 6.Bf4 e6 7.h3 Qb6 8.Qc1 
Bd6 9.Bxd6 Qxd6 10.O-O O-O 11.Re1 b6 12.Nbd2 Bb7 13.Ne5 Rac8 14.c3 Rfe8 
15.Ndf3 h6 16.Qd1 Ne4 17.Bb5 Re7 18.Nxf7 Rxf7 19.Bxd7 Qxd7 20.Ne5 Qb5 21.
Qe2 Qa4 22.Nxf7 Kxf7 23.f3 Ba6 24.Qe3 Nf6 25.Qxe6+ Kg6 26.Qd6 Qd7 27.Qa3 
Bd3 28.Re7 Qc6 29.Qxa7 Rg8 30.Qc7 Qxc7 31.Rxc7 Re8 32.Rd1 Bb5 33.Rd2 Re6 
34.b3 Rc6 35.Rxc6 Bxc6 36.a4 Kf7 37.Re2 Nh5 38.Kf2 Nf4 39.Re3 g5 40.h4 Kf6
41.Kg3 Nh5+ 42.Kf2 Nf4 43.g3 Nh5 44.Re1 Ng7 45.g4 Ne6 46.Ke3 Bd7 47.Ra1 
Nd8 48.Kd3 Nc6 1-0

[Event "XIV American Continental"]
[Site "Sao Paulo BRA"]
[Date "2019.07.07"]
[Round "4.84"]
[White "Guerreiro, Alexandre Vieira"]
[Black "Feller, Gabriela Luisa Vicente"]
[Result "0-1"]
[WhiteElo "2016"]
[BlackElo "1710"]
[EventDate "2019.07.05"]
[PlyCount "68"]
[EventRounds "11"]
[EventCountry "BRA"]

1.d4 d5 2.c4 c6 3.Nf3 Nf6 4.e3 Bf5 5.Nc3 e6 6.Be2 Bd6 7.O-O O-O 8.b3 Nbd7 
9.Bb2 Qc7 10.Rc1 Ne4 11.h3 Ndf6 12.Nd2 Rad8 13.Ndxe4 Nxe4 14.Nxe4 Bxe4 15.
Bd3 Bxd3 16.Qxd3 dxc4 17.Qxc4 Bh2+ 18.Kh1 Bd6 19.Qc3 Be7 20.Qc4 Rd5 21.e4 
Rg5 22.d5 exd5 23.exd5 c5 24.f4 Rh5 25.f5 Qg3 26.Rf3 Rxh3+ 27.Kg1 Qh2+ 28.
Kf2 Bh4+ 29.Ke3 Re8+ 30.Kd3 Rxf3+ 31.Kc2 Qxg2+ 32.Kb1 Rf2 33.Bc3 Bg5 34.
Rd1 Rxa2 0-1

[Event "XIV American Continental"]
[Site "Sao Paulo BRA"]
[Date "2019.07.07"]
[Round "4.85"]
[White "Ikejiri, Daniel Yoshito"]
[Black "Andreata, Mauro Antonio"]
[Result "1/2-1/2"]
[WhiteElo "2004"]
[BlackElo "1648"]
[EventDate "2019.07.05"]
[PlyCount "56"]
[EventRounds "11"]
[EventCountry "BRA"]

1.e4 c5 2.c3 e5 3.Nf3 Nc6 4.Bc4 Be7 5.O-O Nf6 6.Re1 O-O 7.d4 cxd4 8.cxd4 
d6 9.h3 Bd7 10.Nc3 a6 11.a3 Qc8 12.Bf1 h6 13.Be3 b5 14.Rc1 Qb7 15.d5 Na7 
16.b4 Bd8 17.Qd2 Kh7 18.Bd3 Nc8 19.Kh2 Ne7 20.Rg1 Bb6 21.g4 Bxe3 22.Qxe3 
Ng6 23.Ne2 Rac8 24.Rcd1 Qc7 25.Rg2 Rg8 26.Rdg1 Rce8 27.h4 Qc8 28.Kh3 Nh5 
1/2-1/2

[Event "XIV American Continental"]
[Site "Sao Paulo BRA"]
[Date "2019.07.07"]
[Round "4.86"]
[White "Da Rosa, Henrique Jaze Simoes"]
[Black "De Souza, Cristiano Gomes"]
[Result "0-1"]
[WhiteElo "1633"]
[BlackElo "2000"]
[EventDate "2019.07.05"]
[PlyCount "60"]
[EventRounds "11"]
[EventCountry "BRA"]

1.Nf3 Nf6 2.c4 g6 3.g3 Bg7 4.Bg2 O-O 5.O-O d6 6.d4 Nc6 7.Nc3 Bf5 8.Re1 Ne4
9.Nxe4 Bxe4 10.e3 d5 11.b3 h6 12.Bb2 e6 13.Nd2 Bxg2 14.Kxg2 a5 15.a3 Qd7 
16.Qe2 f5 17.Rad1 g5 18.Nf1 Ne7 19.f4 Qe8 20.g4 Ng6 21.Bc1 c6 22.Ng3 Nh4+ 
23.Kh1 Qg6 24.h3 Kh7 25.Nh5 Bh8 26.Rg1 fxg4 27.Qxg4 Qe4+ 28.Kh2 Nf3+ 29.
Kg3 Nxg1 30.Rxg1 gxf4+ 0-1

[Event "XIV American Continental"]
[Site "Sao Paulo BRA"]
[Date "2019.07.07"]
[Round "4.87"]
[White "Acosta, Pablo Alejandro"]
[Black "Haraguchi, Matheus Sashaki"]
[Result "1-0"]
[WhiteElo "1992"]
[BlackElo "1555"]
[EventDate "2019.07.05"]
[PlyCount "53"]
[EventRounds "11"]
[EventCountry "BRA"]

1.e4 c5 2.Nf3 e6 3.b3 Nc6 4.Bb5 a6 5.Bxc6 bxc6 6.e5 g6 7.Nc3 d5 8.exd6 
Qxd6 9.Bb2 Qe7 10.Ne4 f6 11.O-O Bg7 12.Ba3 Qc7 13.Bxc5 Bf8 14.d4 Be7 15.
Bxe7 Qxe7 16.Re1 Nh6 17.Qd2 Nf7 18.Qf4 f5 19.Nc5 O-O 20.h4 h6 21.Re2 g5 
22.Qxf5 Nh8 23.Qe4 Rf4 24.Qxc6 Rb8 25.Nxe6 Bb7 26.Nxf4 Qxe2 27.Qxb7 1-0

[Event "XIV American Continental"]
[Site "Sao Paulo BRA"]
[Date "2019.07.07"]
[Round "4.88"]
[White "Ferreira, Caio Tulio Moreira"]
[Black "Montero Martinez, Cristhian"]
[Result "0-1"]
[WhiteElo "1579"]
[BlackElo "1991"]
[EventDate "2019.07.05"]
[PlyCount "115"]
[EventRounds "11"]
[EventCountry "BRA"]

1.e4 c5 2.Nf3 d6 3.d4 cxd4 4.Nxd4 Nf6 5.f3 g6 6.c4 Bg7 7.Nc3 O-O 8.Be3 Nc6
9.Qd2 Bd7 10.Be2 Rc8 11.O-O a6 12.Rac1 Re8 13.Rfd1 Ne5 14.b3 Qa5 15.Bf1 
Nc6 16.Qf2 Nxd4 17.Bxd4 b5 18.Bb6 Qb4 19.Nd5 Nxd5 20.cxd5 Qa3 21.Rxc8 Rxc8
22.Bd4 Rc1 23.Rxc1 Qxc1 24.Bxg7 Kxg7 25.Qa7 g5 26.h3 Qc5+ 27.Qxc5 dxc5 28.
Kf2 e6 29.dxe6 Bxe6 30.Ke3 h5 31.f4 f6 32.f5 Bd7 33.g4 hxg4 34.hxg4 Bc6 
35.Be2 Kf8 36.Bf3 a5 37.Kd3 Ke7 38.Ke3 Bd7 39.Be2 Kd6 40.Bf3 Ke5 41.Be2 
Bc6 42.Bf3 b4 43.Bg2 Bb5 44.Bf3 c4 45.Bd1 cxb3 46.Bxb3 Bc6 47.Bc2 a4 48.
Bb1 Bd7 49.Bc2 Be8 50.Bb1 Bf7 51.Kd3 a3 52.Kc2 Kxe4 53.Kd2+ Kd4 54.Kc2 Bd5
55.Kd2 Bf3 56.Kc2 Bxg4 57.Kb3 Kc5 58.Be4 0-1

[Event "XIV American Continental"]
[Site "Sao Paulo BRA"]
[Date "2019.07.07"]
[Round "4.91"]
[White "Baeta, Marcio Netto"]
[Black "Amaral, Danilo Tokechi"]
[Result "1/2-1/2"]
[WhiteElo "1903"]
[BlackElo "1432"]
[EventDate "2019.07.05"]
[PlyCount "126"]
[EventRounds "11"]
[EventCountry "BRA"]

1.e4 c5 2.d4 cxd4 3.Nf3 d6 4.Nxd4 Nf6 5.Nc3 g6 6.f4 Nc6 7.Bc4 Bg7 8.Nxc6 
bxc6 9.Be3 O-O 10.Qd2 a5 11.h3 Ba6 12.Bxa6 Rxa6 13.Qd3 Ra8 14.O-O-O Qc7 
15.g4 Rfb8 16.e5 dxe5 17.f5 Rd8 18.Qc4 Qb7 19.fxg6 hxg6 20.Bc5 Nd5 21.Na4 
e6 22.Rd3 Rab8 23.Rb3 Qc7 24.g5 Rxb3 25.axb3 Qb7 26.h4 Bf8 27.h5 Bxc5 28.
Nxc5 Qb5 29.hxg6 Qxc4 30.gxf7+ Kxf7 31.bxc4 Ne3 32.b3 Rg8 33.Re1 Ng4 34.
Rf1+ Ke7 35.Ne4 Rg6 36.Kd2 Nh2 37.Rf2 Ng4 38.Rg2 Nh6 39.Rh2 Nf5 40.Rh7+ 
Rg7 41.Rh8 Nd6 42.Nxd6 Kxd6 43.Rh5 Kc5 44.Kc3 Rg6 45.Kd3 Kb4 46.Rh6 Rxg5 
47.Rxe6 c5 48.Rb6+ Ka3 49.Ra6 Rg3+ 50.Ke4 Kb2 51.Rxa5 Kxc2 52.Rxc5 Kxb3 
53.Kxe5 Kb4 54.Rc8 Rg5+ 55.Kd6 Rg6+ 56.Kd5 Rg5+ 57.Kd6 Rg6+ 58.Kd5 Rg5+ 
59.Kd4 Rg4+ 60.Kd3 Rg3+ 61.Kd2 Rg2+ 62.Ke3 Rg5 63.Ke4 Rg4+ 1/2-1/2

[Event "XIV American Continental"]
[Site "Sao Paulo BRA"]
[Date "2019.07.07"]
[Round "4.92"]
[White "Caldas, Raphael C B R Leitao"]
[Black "Soares, Renan Barbosa Monteiro"]
[Result "1-0"]
[WhiteElo "1421"]
[BlackElo "1985"]
[EventDate "2019.07.05"]
[PlyCount "65"]
[EventRounds "11"]
[EventCountry "BRA"]

1.e4 c5 2.Nf3 d6 3.Bb5+ Bd7 4.Bxd7+ Qxd7 5.d4 cxd4 6.Nxd4 Nf6 7.Nc3 g6 8.
f3 Bg7 9.Be3 O-O 10.Qd2 Nc6 11.O-O-O Ne5 12.b3 Rfc8 13.h4 h5 14.g4 Rc5 15.
gxh5 Nxh5 16.Nf5 Nxf3 17.Qf2 Rxc3 18.Nxg7 Rac8 19.Kb1 Rxc2 20.Qxf3 Kxg7 
21.Rdg1 Qb5 22.Rg5 Qd3 23.Rxg6+ fxg6 24.Bh6+ Kxh6 25.Qxd3 R2c5 26.Rg1 R8c6
27.Qf3 Kg7 28.Qg4 d5 29.Qd7 Rc7 30.Qe6 Nf6 31.e5 R5c6 32.exf6+ exf6 33.
Qxd5 1-0

[Event "XIV American Continental"]
[Site "Sao Paulo BRA"]
[Date "2019.07.07"]
[Round "4.93"]
[White "Crocitti, Daniel"]
[Black "Borensztajn, David"]
[Result "1-0"]
[WhiteElo "1873"]
[BlackElo "1777"]
[EventDate "2019.07.05"]
[PlyCount "77"]
[EventRounds "11"]
[EventCountry "BRA"]

1.d4 d5 2.Nf3 Nf6 3.c4 e6 4.Nc3 c6 5.e3 Nbd7 6.Bd3 dxc4 7.Bxc4 b5 8.Bd3 
Bb7 9.O-O a6 10.a4 b4 11.Ne4 Be7 12.b3 Nxe4 13.Bxe4 Nf6 14.Bd3 c5 15.Bb2 
cxd4 16.Bxd4 O-O 17.Qe2 Nd5 18.Ne5 f5 19.Rac1 Bd6 20.Nc6 Qh4 21.f4 Nf6 22.
Na5 Bc8 23.Rc6 Be7 24.Bxa6 Bd7 25.Rc2 Nd5 26.Nc6 Bd6 27.Ne5 Be8 28.Bb7 Rb8
29.Bxd5 exd5 30.Bc5 Qe7 31.Rfc1 Bf7 32.Nc6 Qc7 33.Bxd6 Qxd6 34.Nxb8 Qxb8 
35.Qb5 Qa7 36.Qc5 Qb7 37.Qd4 Re8 38.Rc7 Qb8 39.a5 1-0

[Event "XIV American Continental"]
[Site "Sao Paulo BRA"]
[Date "2019.07.07"]
[Round "4.94"]
[White "Torres, Eduardo Lisboa"]
[Black "Haraguchi, Diego Sashaki"]
[Result "1/2-1/2"]
[WhiteElo "1872"]
[BlackElo "1634"]
[EventDate "2019.07.05"]
[PlyCount "52"]
[EventRounds "11"]
[EventCountry "BRA"]

1.d4 Nf6 2.c4 g6 3.Nc3 d5 4.Bf4 Bg7 5.e3 O-O 6.Rc1 Bf5 7.Nf3 c6 8.h3 Nbd7 
9.cxd5 Nxd5 10.Nxd5 cxd5 11.Bc7 Qe8 12.Qb3 Nb6 13.Be2 Qa4 14.Qxa4 Nxa4 15.
b3 Nb6 16.Kd2 Rac8 17.Rc3 Na8 18.Rhc1 Nxc7 19.Rxc7 Rxc7 20.Rxc7 Rc8 21.
Rxb7 Rc2+ 22.Kd1 Rxa2 23.g4 Ra1+ 24.Kd2 Ra2+ 25.Kd1 Ra1+ 26.Kd2 Ra2+ 
1/2-1/2

[Event "XIV American Continental"]
[Site "Sao Paulo BRA"]
[Date "2019.07.07"]
[Round "4.95"]
[White "Cadilhac, Mariana Sawae Kikuchi"]
[Black "Andrade, Guilherme Alves de Souza"]
[Result "0-1"]
[WhiteElo "1639"]
[BlackElo "1867"]
[EventDate "2019.07.05"]
[PlyCount "86"]
[EventRounds "11"]
[EventCountry "BRA"]

1.e4 c6 2.d4 d5 3.Nc3 dxe4 4.Nxe4 Nd7 5.Nf3 Ngf6 6.Neg5 e6 7.Bc4 h6 8.Nh3 
Bd6 9.Nf4 Nb6 10.Bb3 a5 11.a3 Qc7 12.Nd3 Nbd7 13.O-O O-O 14.Re1 c5 15.Nde5
Re8 16.Nxd7 Bxd7 17.h3 cxd4 18.Qxd4 a4 19.Ba2 e5 20.Qd1 Rad8 21.c3 Bc6 22.
Qe2 b6 23.Nh2 Bc5 24.Ng4 Nxg4 25.Qxg4 Rd6 26.Bb1 Rf6 27.Be3 Bd6 28.Be4 b5 
29.Rad1 Bd7 30.Qe2 Bc6 31.Bd3 Qb7 32.f3 Kh8 33.Kh1 Rfe6 34.Bf5 Rf6 35.Bd3 
Rxf3 36.Bxb5 Rxh3+ 37.Kg1 Bxb5 38.Qf2 Rxe3 39.Qxe3 Qc6 40.Qd2 Bc5+ 41.Kh1 
Qg6 42.Kh2 Qh5+ 43.Kg3 f5 0-1

[Event "XIV American Continental"]
[Site "Sao Paulo BRA"]
[Date "2019.07.07"]
[Round "4.96"]
[White "Cabral, Denrick"]
[Black "Nobre, Jailson Altair Barbosa"]
[Result "1-0"]
[WhiteElo "1863"]
[BlackElo "1692"]
[EventDate "2019.07.05"]
[PlyCount "45"]
[EventRounds "11"]
[EventCountry "BRA"]

1.e4 c5 2.Nc3 e6 3.g3 d5 4.Bg2 d4 5.Nce2 e5 6.d3 Nf6 7.h3 Nc6 8.f4 Bd6 9.
Nf3 O-O 10.f5 h5 11.Bg5 Be7 12.Qd2 Nh7 13.Bxe7 Qxe7 14.O-O-O b5 15.g4 hxg4
16.hxg4 c4 17.c3 dxc3 18.Nxc3 Nb4 19.dxc4 bxc4 20.Bf1 Ba6 21.Qh2 f6 22.
Qxh7+ Kf7 23.Qh5+ 1-0